[Event "Hastings Masters op 81st"]
[Site "Hastings"]
[Date "2005.12.30"]
[Round "3"]
[White "Schoen, Wolfram"]
[Black "Pavlovic, Milos"]
[Result "1/2-1/2"]
[WhiteElo "2415"]
[BlackElo "2507"]
[PlyCount "53"]
[EventDate "2005.12.28"]
[EventType "swiss"]
[EventRounds "10"]
[EventCountry "ENG"]
[SourceTitle "CBM 110 Extra"]
[Source "ChessBase"]
[SourceDate "2006.03.10"]
[SourceVersion "2"]
[SourceVersionDate "2006.03.10"]
[SourceQuality "1"]

1. e4 c5 2. Nf3 d6 3. c3 Nf6 4. Be2 Nbd7 5. d3 b6 6. 0-0 Bb7 7. Nbd2 e6 8. Re1 Be7 9. Nf1 0-0 10. Ng3 Qc7 11. Bf1 Ne5 12. Ng5 h6 13. Nh3 Nc6 14. f4 Rfe8 15. f5 Bf8 16. Nf4 exf5 17. Nxf5 Ne7 18. Ne3 d5 19. e5 Qxe5 20. Nexd5 Qd6 21. Nxf6+ Qxf6 22. Bd2 Ng6 23. Nxg6 Qxg6 24. Qa4 Bc6 25. Qh4 Bb5 26. c4 Bd7 27. Rxe8 1/2-1/2

[Event "Hastings Masters op 81st"]
[Site "Hastings"]
[Date "2005.12.28"]
[Round "1"]
[White "Duhayon, Yves"]
[Black "Schoen, Wolfram"]
[Result "0-1"]
[WhiteElo "2233"]
[BlackElo "2415"]
[PlyCount "64"]
[EventDate "2005.12.28"]
[EventType "swiss"]
[EventRounds "10"]
[EventCountry "ENG"]
[SourceTitle "CBM 110 Extra"]
[Source "ChessBase"]
[SourceDate "2006.03.10"]
[SourceVersion "2"]
[SourceVersionDate "2006.03.10"]
[SourceQuality "1"]

1. Nf3 d6 2. d4 Nf6 3. c4 Nbd7 4. Nc3 c6 5. e4 e5 6. Be2 Be7 7. 0-0 0-0 8. Re1 a6 9. Rb1 b5 10. b4 Bb7 11. Bf1 Qc7 12. a3 exd4 13. Nxd4 Rfe8 14. Bb2 Bf8 15. Rc1 Qb8 16. Nb3 bxc4 17. Bxc4 Nb6 18. Bf1 c5 19. f3 cxb4 20. axb4 d5 21. Qd4 Nc4 22. Bxc4 dxc4 23. Qxc4 Bc8 24. Nd5 Nxd5 25. exd5 Bd7 26. Nc5 Bb5 27. Qd4 Qd6 28. Bc3 Rac8 29. Rxe8 Rxe8 30. Ne4 Qg6 31. Bb2 f5 32. Nc5 Re2 0-1

[Event "Pula op 12th"]
[Site "Pula"]
[Date "1998.??.??"]
[Round "4"]
[White "Jovanovic, Zoran"]
[Black "Schoen, Wolfram"]
[Result "1/2-1/2"]
[WhiteElo "2190"]
[BlackElo "2410"]
[PlyCount "55"]
[EventDate "1998.05.??"]
[EventType "swiss"]
[EventRounds "9"]
[EventCountry "CRO"]
[SourceTitle "EXT 2000"]
[Source "ChessBase"]
[SourceDate "1999.11.16"]
[SourceVersion "1"]
[SourceVersionDate "1999.11.16"]
[SourceQuality "1"]

1. e4 c5 2. Nf3 Nc6 3. Nc3 Nf6 4. Bb5 Nd4 5. e5 Nxb5 6. Nxb5 Nd5 7. c4 Nc7 8. Nc3 g6 9. d4 cxd4 10. Qxd4 Bg7 11. Qh4 h6 12. 0-0 b6 13. Re1 Bb7 14. Ne4 Ne6 15. b3 d5 16. cxd5 Qxd5 17. Ba3 g5 18. Qg4 Rd8 19. Qf5 Bc8 20. Bxe7 Kxe7 21. Nd6 Rxd6 22. exd6+ Qxd6 23. Rad1 Qf4 24. Qd5 Re8 25. Nd4 Bxd4 26. Rxd4 Qc7 27. Rc4 Qd6 28. Qf5 1/2-1/2

[Event "Pula op 12th"]
[Site "Pula"]
[Date "1998.??.??"]
[Round "8"]
[White "Kos, Toni"]
[Black "Schoen, Wolfram"]
[Result "0-1"]
[WhiteElo "2300"]
[BlackElo "2410"]
[PlyCount "24"]
[EventDate "1998.05.??"]
[EventType "swiss"]
[EventRounds "9"]
[EventCountry "CRO"]
[SourceTitle "EXT 2000"]
[Source "ChessBase"]
[SourceDate "1999.11.16"]
[SourceVersion "1"]
[SourceVersionDate "1999.11.16"]
[SourceQuality "1"]

1. e4 c5 2. c3 d5 3. exd5 Qxd5 4. d4 Nc6 5. Nf3 Bg4 6. Be2 cxd4 7. cxd4 e6 8. Nc3 Qa5 9. h3 Bh5 10. 0-0 Nf6 11. Ne5 Bxe2 12. Nxc6 Qxc3 0-1

[Event "Oberliga NRW 9798 II"]
[Site "Germany"]
[Date "1998.??.??"]
[Round "5.1"]
[White "Schoen, Wolfram"]
[Black "Teloeken, Andreas"]
[Result "1-0"]
[WhiteElo "2410"]
[BlackElo "2165"]
[PlyCount "55"]
[EventDate "1997.10.??"]
[EventType "team"]
[EventRounds "9"]
[EventCountry "GER"]
[SourceTitle "EXT 1999"]
[Source "ChessBase"]
[SourceDate "1998.11.16"]
[SourceVersion "1"]
[SourceVersionDate "1998.11.16"]
[SourceQuality "1"]
[WhiteTeam "Koeln KKS"]
[BlackTeam "Suedlohn"]
[WhiteTeamCountry "GER"]
[BlackTeamCountry "GER"]

1. d4 d5 2. c4 c6 3. Nf3 Nf6 4. Nc3 e6 5. Bg5 h6 6. Bh4 dxc4 7. e4 g5 8. Bg3 b5 9. Be2 Nbd7 10. 0-0 Bb7 11. Qc2 b4 12. Na4 c5 13. Nxc5 Bxc5 14. dxc5 c3 15. bxc3 Bxe4 16. Qa4 Nd5 17. Rac1 a5 18. Ne5 Nxc3 19. Rxc3 bxc3 20. Bb5 0-0 21. Nxd7 f5 22. Be5 c2 23. f3 Bd5 24. Nxf8 Qxf8 25. Qxc2 Rc8 26. Rc1 h5 27. Bd7 Ra8 28. c6 1-0